North American Capitals with Unique Initial Letter - Statistics

General Stats
  • This quiz has been taken 31 times
  • The average score is 7 of 8
Answer Stats
Capital % Correct
Washington
100%
Ottawa
93%
Tegucigalpa
90%
Guatemala City
87%
Havana
87%
Nassau
77%
Roseau
70%
Castries
67%
No matching quizzes found
Score Distribution
Percent of People with Each Score
Percentile by Number Answered
Your Score History
You have not taken this quiz